| 000 | 01019nam a2200229Ia 4500 | ||
|---|---|---|---|
| 003 | OSt | ||
| 005 | 20201013175208.0 | ||
| 008 | 191128s1964 ck gr 000 0 spa d | ||
| 040 |
_aCO-JMCR _cCO-JMCR |
||
| 041 | 0 | _aspa | |
| 082 | 0 | 4 |
_a986.01 / _bB863c _223 |
| 100 | 1 |
_aBroadbent, Sylvia M., _eautora _911455 |
|
| 245 | 1 | 4 |
_aLos chibchas : _borganización socio-política / _cSylvia M. Broadbent |
| 260 |
_aBogotá : _bUniversidad Nacional de Colombia. Facultad de Sociología, _c1964 |
||
| 300 |
_a131 páginas ; _c19 cm. |
||
| 490 | 0 |
_aLatinoamericana ; _v5 |
|
| 504 | _aBibliografía: páginas 129-131 | ||
| 505 | 0 | _aLa organización sociopolítica en la época de la Conquista -- Relaciones feudatarias entre caciques -- Derechos y funciones del cacique -- Herencia del cacicazgo -- Pueblos -- Sinonimia de parte , parcialidad, capitanía | |
| 650 | 1 | 4 |
_aChibchas (Familia indígena) _xVida social y costumbres _911456 |
| 650 | 1 | 4 |
_aChibchas (Familia indígena) _xCondiciones sociales _911457 |
| 942 |
_2ddc _cBK |
||
| 999 |
_c3401 _d3401 |
||